[Event "Morbihan-ch 1011"]
[Site "Morbihan"]
[Date "2011.02.12"]
[Round "5.16"]
[White "Eraud, Julien"]
[Black "Rivalin, Patrick"]
[Result "0-1"]
[WhiteElo "1220"]
[BlackElo "1560"]
[PlyCount "60"]
[EventDate "2010.10.09"]
[EventType "swiss"]
[EventRounds "7"]
[EventCountry "FRA"]
[SourceTitle "EXT 2014"]
[Source "ChessBase"]
[SourceDate "2013.11.20"]
[SourceVersion "1"]
[SourceVersionDate "2013.11.20"]
[SourceQuality "1"]

1. d4 d5 2. e3 Nf6 3. c4 e6 4. Nc3 Bb4 5. Bd2 0-0 6. a3 Bxc3 7. Bxc3 Ne4 8. Qc2 Nd7 9. f3 Nxc3 10. Qxc3 Qh4+ 11. g3 Qh6 12. f4 Nf6 13. Nf3 Ne4 14. Qa5 b6 15. Qb5 Nxg3 16. hxg3 Qxh1 17. Nd2 dxc4 18. Nxc4 Qf3 19. Qg5 Ba6 20. b3 Bxc4 21. bxc4 Qxe3+ 22. Be2 Qc3+ 23. Kf2 Qxd4+ 24. Kf3 Qxa1 25. Bd3 Qxa3 26. Ke3 Rad8 27. Qxd8 Rxd8 28. Kf2 Rxd3 29. Kf1 Rd2 30. Kg1 Qc1# 0-1